| 000 | 00554nam a22002057a 4500 | ||
|---|---|---|---|
| 003 | OSt | ||
| 005 | 20161114125553.0 | ||
| 008 | 161114b xxu||||| |||| 00| 0 eng d | ||
| 020 | _a0521800900 | ||
| 040 | _cDDC. | ||
| 082 | _a520 ZEI 2002; | ||
| 100 |
_aZeilik,Micheal; _911287 |
||
| 245 | _aAstronomy:The Evolving Universe: | ||
| 250 | _a9th ed. | ||
| 260 |
_aUk, _bCambridge University Press. _c2002. |
||
| 300 |
_axx,552p; _bcol,ill; _c27cm |
||
| 504 | _aIncludes Glossary,credits and Index; | ||
| 610 |
_aAstronomy. _911288 |
||
| 942 |
_2ddc _cO_SHELF |
||
| 999 |
_c5397 _d5397 |
||